FUNDERMENTALS of psychological research
Saved in:
| Format: | Bog |
|---|---|
| Sprog: | engelsk |
| Udgivet: |
Tetfund,
2019.
|
| Tags: |
Tilføj Tag
Ingen Tags, Vær først til at tagge denne postø!
|
MARC
| LEADER | 00000nam a22000007a 4500 | ||
|---|---|---|---|
| 008 | 210819b ||||| |||| 00| 0 eng d | ||
| 020 | |a 978-978-57307-2-2 | ||
| 245 | |a FUNDERMENTALS of psychological research |c edited by Benjamin Oluwabunmi Omolayo. |g xiii, 310. : ill. | ||
| 260 | |b Tetfund, |c 2019. |h Ado-Ekiti, Nigeria: |i 696014 |i 696015 |i 696016 |i 696017 |i 696018 |i 696019 |i 696020 |i 696021 |i 696022 |i 696023 |i 696024 |i 696025 |i 696026 |i 696027 |i 696028 |i 696029 |i 696030 |i 696031 |i 696032 |i 696033 |l BF76.5 .F96 |m Psychology – Research. |m Psychometrics. | ||
| 500 | |a “It includes references”. | ||
| 942 | |a lcc |c BK |e Adeniran, F. A |f 19/08/2021 | ||
| 952 | |0 0 |1 0 |2 lcc |4 0 |6 BF00765 F96 |7 0 |9 3181 |a HOL |b ED |c AF |d 2021-08-19 |l 0 |o BF76.5 .F96 |p 2021-66879 |r 2021-08-19 00:00:00 |w 2021-08-19 |y BK | ||
| 952 | |0 0 |1 0 |2 lcc |4 0 |6 BF00765 F96 |7 0 |9 3182 |a HOL |b ED |c AF |d 2021-08-19 |l 0 |o BF76.5 .F96 |p 2021-66880 |r 2021-08-19 00:00:00 |w 2021-08-19 |y BK | ||
| 952 | |0 0 |1 0 |2 lcc |4 0 |6 BF00765 F96 |7 0 |9 3183 |a HOL |b ART |c AF |d 2021-08-19 |l 0 |o BF76.5 .F96 |p 2021-66881 |r 2021-08-19 00:00:00 |w 2021-08-19 |y BK | ||
| 952 | |0 0 |1 0 |2 lcc |4 0 |6 BF00765 F96 |7 0 |9 3184 |a HOL |b ART |c AF |d 2021-08-19 |l 0 |o BF76.5 .F96 |p 2021-66882 |r 2021-08-19 00:00:00 |w 2021-08-19 |y BK | ||
| 952 | |0 0 |1 0 |2 lcc |4 0 |6 BF00765 F96 |7 0 |9 3185 |a HOL |b MPL |c AF |d 2021-08-19 |l 0 |o BF76.5 .F96 |p 2021-66883 |r 2021-08-19 00:00:00 |w 2021-08-19 |y BK | ||
| 952 | |0 0 |1 0 |2 lcc |4 0 |6 BF00765 F96 |7 0 |9 3186 |a HOL |b MPL |c AF |d 2021-08-19 |l 0 |o BF76.5 .F96 |p 2021-66884 |r 2021-08-19 00:00:00 |w 2021-08-19 |y BK | ||
| 952 | |0 0 |1 0 |2 lcc |4 0 |6 BF00765 F96 |7 0 |9 3187 |a HOL |b HE |c AF |d 2021-08-19 |l 0 |o BF76.5 .F96 |p 2021-66885 |r 2021-08-19 00:00:00 |w 2021-08-19 |y BK | ||
| 952 | |0 0 |1 0 |2 lcc |4 0 |6 BF00765 F96 |7 0 |9 3188 |a HOL |b HE |c AF |d 2021-08-19 |l 0 |o BF76.5 .F96 |p 2021-66886 |r 2021-08-19 00:00:00 |w 2021-08-19 |y BK | ||
| 952 | |0 0 |1 0 |2 lcc |4 0 |6 BF00765 F96 |7 0 |9 3191 |a HOL |b PL |c AF |d 2021-08-19 |l 0 |o BF76.5 .F96 |p 2021-66889 |r 2021-08-19 00:00:00 |w 2021-08-19 |y BK | ||
| 952 | |0 0 |1 0 |2 lcc |4 0 |6 BF00765 F96 |7 0 |9 3192 |a HOL |b PL |c AF |d 2021-08-19 |l 0 |o BF76.5 .F96 |p 2021-66890 |r 2021-08-19 00:00:00 |w 2021-08-19 |y BK | ||
| 952 | |0 0 |1 0 |2 lcc |4 0 |6 BF00765 F96 |7 0 |9 3193 |a HOL |b TL |c AF |d 2021-08-19 |l 0 |o BF76.5 .F96 |p 2021-66891 |r 2021-08-19 00:00:00 |w 2021-08-19 |y BK | ||
| 952 | |0 0 |1 0 |2 lcc |4 0 |6 BF00765 F96 |7 0 |9 3194 |a HOL |b TL |c AF |d 2021-08-19 |l 0 |o BF76.5 .F96 |p 2021-66892 |r 2021-08-19 00:00:00 |w 2021-08-19 |y BK | ||
| 952 | |0 0 |1 0 |2 lcc |4 0 |6 BF00765 F96 |7 0 |9 3195 |a HOL |b EDM |c AF |d 2021-08-19 |l 0 |o BF76.5 .F96 |p 2021-66893 |r 2021-08-19 00:00:00 |w 2021-08-19 |y BK | ||
| 952 | |0 0 |1 0 |2 lcc |4 0 |6 BF00765 F96 |7 0 |9 3196 |a HOL |b EDM |c AF |d 2021-08-19 |l 0 |o BF76.5 .F96 |p 2021-66894 |r 2021-08-19 00:00:00 |w 2021-08-19 |y BK | ||
| 952 | |0 0 |1 0 |2 lcc |4 0 |6 BF00765 F96 |7 0 |9 3197 |a HOL |b SSL |c AF |d 2021-08-19 |l 0 |o BF76.5 .F96 |p 2021-66895 |r 2021-08-19 00:00:00 |w 2021-08-19 |y BK | ||
| 952 | |0 0 |1 0 |2 lcc |4 0 |6 BF00765 F96 |7 0 |9 3198 |a HOL |b SSL |c AF |d 2021-08-19 |l 0 |o BF76.5 .F96 |p 2021-66896 |r 2021-08-19 00:00:00 |w 2021-08-19 |y BK | ||
| 952 | |0 0 |1 0 |2 lcc |4 0 |6 BF00765 F96 |7 0 |9 3199 |a HOL |b AG |c AF |d 2021-08-19 |l 0 |o BF76.5 .F96 |p 2021-66897 |r 2021-08-19 00:00:00 |w 2021-08-19 |y BK | ||
| 952 | |0 0 |1 0 |2 lcc |4 0 |6 BF00765 F96 |7 0 |9 3200 |a HOL |b AG |c AF |d 2021-08-19 |l 0 |o BF76.5 .F96 |p 2021-66898 |r 2021-08-19 00:00:00 |w 2021-08-19 |y BK | ||
| 952 | |0 0 |1 0 |2 lcc |4 0 |6 BF00765 F96 |7 0 |9 3201 |a HOL |b HOL |c AF |d 2021-08-19 |l 0 |o BF76.5 .F96 |p 2021-66899 |r 2021-08-19 00:00:00 |w 2021-08-19 |y BK | ||
| 952 | |0 0 |1 0 |2 lcc |4 0 |6 BF00765 F96 |7 0 |9 3202 |a HOL |b HOL |c AF |d 2021-08-19 |l 0 |o BF76.5 .F96 |p 2021-66900 |r 2021-08-19 00:00:00 |w 2021-08-19 |y BK | ||
| 999 | |c 1608 |d 1608 | ||